Statistics for Countries by Number of Borders from the United States

Click here to take the quiz!

General Stats

  • This quiz has been taken 326 times
    (256 since last reset)
  • The average score is 8 of 20

Answer Stats

#ExamplesCountry% Correct
1Canada, Mexico
100%
2Belize, Guatemala
73%
3El Salvador, Honduras
70%
4Nicaragua
69%
5Costa Rica
68%
6Panama
68%
7Colombia
65%
8Brazil, Ecuador, ...
65%
9Argentina, Bolivia, ...
64%
11Austria, Czechia, ...
25%
10Andorra, Belgium, ...
25%
12Algeria, Belarus, ...
23%
13Azerbaijan, China, ...
22%
14Armenia, Bhutan...
20%
15Benin, Cambodia...
18%
16Djbouti, Gabon, ...
17%
17Angola, Brunei, ...
14%
18Botswana, Malawi, ...
11%
19South Africa, Eswatini
9%
20Lesotho
9%

Score Distribution

Percentile by Number Answered

Percent of People with Each Score

Your Score History

You have not taken this quiz since the last reset